Wordt geladen...
Suno karigar /
| Hoofdauteur: | |
|---|---|
| Formaat: | Printed Book |
| Taal: | Hindi |
| Gepubliceerd in: |
New Delhi :
Vani Prakashan ,
1988.
|
| Onderwerpen: |
| LEADER | 00535nam a2200169Ia 4500 | ||
|---|---|---|---|
| 008 | 150624b xxu||||| |||| 00| p hin d | ||
| 020 | |a 8181436504 | ||
| 082 | |a 861.8P5 | ||
| 100 | |a Prakash Uday | ||
| 245 | |c Prakash Uday |a Suno karigar / | ||
| 260 | |a New Delhi : |b Vani Prakashan , |c 1988. | ||
| 300 | |a 96 p. | ||
| 546 | |a In Hindi. | ||
| 650 | |v Poetry | ||
| 942 | |c BK | ||
| 999 | |c 93408 |d 93408 | ||
| 952 | |0 0 |1 0 |4 0 |6 861_000000000000000_8P5_SUN_H |7 0 |9 93350 |a UL |b UL |c ST1 |d 2011-04-08 |e THEBS |l 0 |o 861.8P5 SUN H |p 85204 |r 2012-10-27 |v 125.00 |w 2012-10-27 |y BK | ||